header

Database transition (Record no. 106582)

MARC details
000 -LEADER
fixed length control field 01433nam a2200349Ia 4500
082 04 - DEWEY DECIMAL CLASSIFICATION NUMBER
Classification number 005.74
245 00 - TITLE STATEMENT
Title Database transition
250 ## - EDITION STATEMENT
Edition statement 1st ed.
260 ## - PUBLICATION, DISTRIBUTION, ETC. (IMPRINT)
Place of publication San Jose, CA :
Name of publisher IBM,
Year of publication c2004.
300 ## - PHYSICAL DESCRIPTION
Number of Pages xix, 582 p. :
Other physical details ill.
490 1# - SERIES STATEMENT
Series statement Redbooks
500 ## - GENERAL NOTE
General note "This edition applies to Version 8.2 of DB2 Universal Database, Version 9.4 of Informix Dynamic Server (IDS), and Version 1.3 of the DB2 Migration Toolkit for Informix."
General note "December 2004."
650 #0 - SUBJECT ADDED ENTRY--TOPICAL TERM
Topical Term Database management.
700 1# - ADDED ENTRY--PERSONAL NAME
Personal name Ballard, Chuck.
856 40 - ELECTRONIC LOCATION AND ACCESS
Uniform Resource Identifier http://site.ebrary.com/lib/rucke/Doc?id=10112478

No items available.

© 2026 Rongo University
Contact us: librarian | system librarian | Rongo university